Contradicciones del desarrollo político chileno: 1920-1990
Bewaard in:
| Hoofdauteur: | |
|---|---|
| Formaat: | Boek |
| Taal: | Spaans |
| Gepubliceerd in: |
Santiago
Lom
2009
|
| Editie: | 1a. ed |
| Onderwerpen: | |
| Tags: |
Voeg label toe
Geen labels, Wees de eerste die dit record labelt!
|
MARC
| LEADER | 00000nam a2200000 a 4500 | ||
|---|---|---|---|
| 001 | UCH3463 | ||
| 003 | CL-VaPUC | ||
| 008 | 090730e20090000CL |||||||||||||||||spa|d | ||
| 020 | |a 9789560000750 | ||
| 082 | 0 | 4 | |a 320.983 |b MOU |2 21 |
| 100 | |a Moulian Emparanza, Tomás |e autor |9 563337 | ||
| 245 | 1 | 0 | |a Contradicciones del desarrollo político chileno: 1920-1990 |
| 250 | |a 1a. ed | ||
| 300 | |a 180 p | ||
| 942 | |c BK | ||
| 945 | |d 20090730 00:00:00 |a dcastane | ||
| 260 | |a Santiago |b Lom |c 2009 | ||
| 650 | 0 | |a Política y gobierno |9 255151 | |
| 651 | 7 | |a CHILE |2 CL-VaPUC |9 538804 | |
| 583 | |a last modification |c 20090730 00:00:00 |k Rodrigo Vera | ||
| 999 | |c 335002 |d 335000 | ||
| 952 | |0 0 |1 0 |4 0 |6 320_983000000000000_MOU_2009 |7 0 |8 A |9 424462 |a BIBHIS |b BIBHIS |d 2019-11-22 |i 4579240 |o 320.983 MOU 2009 |p 4579240 |r 2025-01-20 |w 2019-11-22 |y BK |k HIS | ||
| 952 | |0 0 |1 0 |4 0 |6 320_983000000000000_MOU_2009 |7 0 |8 A |9 424463 |a BIBHIS |b BIBHIS |d 2019-11-22 |i 4693930 |l 3 |o 320.983 MOU 2009 |p 4693930 |r 2025-01-20 |s 2024-11-11 |w 2019-11-22 |y BK |k HIS | ||
| 952 | |0 0 |1 0 |4 0 |6 320_983000000000000_MOU_2009 |7 0 |8 A |9 424464 |a BIBHIS |b BIBHIS |d 2019-11-22 |i 4755251 |o 320.983 MOU 2009 |p 4755251 |r 2025-01-20 |w 2019-11-22 |y BK |k HIS | ||